| 000 | 00915nam a2200325 a 4500 | ||
|---|---|---|---|
| 003 | AR-BaBNM | ||
| 005 | 20251128203017.0 | ||
| 008 | 082120s2002 ||||||||||||||000 | spa|| | ||
| 040 | _cAR-BaBNM | ||
| 100 | 1 | _aTurner, Ralph | |
| 245 | 0 | 0 | _aLas grandes culturas de la humanidad |
| 250 | _a1ª ed. | ||
| 260 |
_aMéxico, D.F. _bFondo de Cultura Económica _c1948 |
||
| 300 |
_a1304 p. _bmapas, tablas |
||
| 490 | 0 | _aSección obras de historia | |
| 500 | _aCartografía desplegable | ||
| 500 | _aContiene índice analítico p. 1249-1294 | ||
| 650 | 4 | _aCIVILIZACION | |
| 650 | 4 | _aCULTURA | |
| 650 | 4 | _aSOCIEDAD | |
| 650 | 4 | _aARTE ANTIGUO | |
| 650 | 4 | _aCULTURA ANTIGUA | |
| 650 | 4 | _aCIUDADES ANTIGUAS | |
| 650 | 4 | _aESTUDIOS CULTURALES | |
| 650 | 4 | _aESCRITURAS ANTIGUAS | |
| 700 | 1 |
_aDelepiane, Francisco A. _etraductor |
|
| 700 | 1 |
_aIglesia, Ramón _etraductor |
|
| 942 | _cBK | ||
| 998 | _cmariana | ||
| 999 |
_c1502 _d1502 |
||